Changing Patterns of Polish Labour Migration after the UK's Opening of the Labour Market? Insights from Rural Case-studies in the Opolskie and Świętokrzyskie Voivodships
| Titel: | Changing Patterns of Polish Labour Migration after the UK's Opening of the Labour Market? Insights from Rural Case-studies in the Opolskie and Świętokrzyskie Voivodships |
|---|---|
| Verfasser: | |
| Beteiligt: | |
| In: |
Polish migration to the UK in the 'new' European Union, (2009), Seite 49-66, Abb., Tab. alle Artikel anzeigen |
| Veröffentlicht: | 2009 |
| Format: | Aufsatz |
| Sprache: | Englisch |
X
alg: 39255829
001A $01999:11-11-16
001B $01999:27-04-21 $t20:50:01.000
001D $01999:11-11-16
001U $0utf8
001X $00
002@ $0Aox
003@ $0392558297
007A $0392558297 $aHEB
007T $0Herdc0069235m
010@ $aeng
011@ $a2009
021A $aChanging Patterns of Polish Labour Migration after the UK's Opening of the Labour Market? Insights from Rural Case-studies in the Opolskie and Świętokrzyskie Voivodships
028A $aElrick $dTim
028B/01 $aBrinkmeier $dEmilia
031A $h49-66, Abb., Tab. $j2009
039B $aIn $8--Aau--. Polish migration to the UK in the 'new' European Union. - Farnham {[u.a.] : Ashgate, c 2009. - XVIII, 241 S.. - Ill., graph. Darst.. - ISBN 978-0-7546-7387-3 $x200900000000000951 $9212964321
045F $a304.609438 $eDDC23BSB
045F/01 $a304.609
045F/03 $g438
045F/03 $g4385
lok: 39255829 78
exp: 39255829 78 1 #EPN
201B/01 $006-11-18 $t22:48:25.000
201U/01 $0utf8
203@/01 $0788656325
208@/01 $a11-11-16 $be
209A/01 $a/ $f000 $x00
220C/01 $aTitelaufnehmer: gk;tn
220C/01 $aHerkunft: HI Marburg
244Z/01 $2Trx $#Poola $#Lenkija $#Polija $#Polen Land $#Poland $#Lengyelország $#Poľsko $#Polsko $8--Trx--Polska$gkraj $x01 $9391345966
244Z/01 $2Trx $#Silesia $#Śląsk $#Sliezsko $#Slezsko $8--Trx--Schlesien $x02 $9391173987
244Z/01 $#Slask Opolski $#Województwo Opolskie $#Sla̜sk Opolski $#Oppelner Schlesien $#Oppeln Woiwodschaft $#Opole Województwo $#Opolskie Voivodship $74116770-3 $8--Tg1--Woiwodschaft Oppeln $x03 $908535791X
244Z/01 $#Swietokrzyskie (Woiwodschaft) $#Woiwodschaft Heiligkreuzbezirk $#Województwo Świe̜tokrzyskie $74596742-8 $8--Tg1--Woiwodschaft Heiligkreuz $x04 $9092675743
244Z/01 $2Trx $#Wilkau Oppeln $#Willenau Oppeln* $8--Trx--Wilków$gOpole $x05 $939117777X
244Z/01 $74614361-0 $8--Tg1--Nowy Korczyn $x06 $9094560129
244Z/01 $aGeschichte 1980-2008 $x07
244Z/01 $2Trx $#tööjõu sisseränne $#ekonominė migracija $#labour migrations $#munka miatti költözések $#migracje zarobkowe $#migrácia za prácou $#migrace za prací $#Sachsengängerei $#"saksy" XVIII-XIX w. $8--Trx--Arbeitsmigrationen $x08 $9391366904
244Z/01 $2Trx $#tööturg $#darbo rinka $#labour market $#munkapiac $#rynek pracy $#trh práce $#trh práce $8--Trx--Arbeitsmarkt $x09 $939136510X
244Z/01 $2Trx $#migratsioonid $#migracijos $#migrations $#migrációk $#migracje $#migrácie $#migrace $8--Trx--Migrationen $x10 $9391383477
244Z/01 $2Trx $#poolakad $#lenkai $#Poles population $#lengyelek nép $#Polacy $#Poliaci $#Poláci $#Lachen $#Lachowie $8--Trx--Polen$gVolk $x11 $9391382934
244Z/01 $2Trx $#suhted, Inglise-Poola $#santykiai, anglų ir lenkų $#relations, British-Polish $#kapcsolatok, brit-lengyel $#stosunki brytyjsko-polskie $#vzťahy britsko-poľské $#vztahy britsko-polské $8--Trx--Beziehungen, britisch-polnische $x12 $9391369555
244Z/01 $2Trx $#integratsioonipoliitika, Euroopa $#Europos integracijos politika $#European integration $#integráció politika, európai $#polityka narodowościowa, europejska $#politika integračná európska $#politika integrační evropská $#Osterweiterung, europäische $#Europäisierung $#policy of integration, European $8--Trx--Integrationspolitik, europäische $x13 $9391382152
244Z/01 $2Trx $8--Trx--Einzelbeiträge $x14 $9391384570
245Z/01 $a08.03 $x01
247C/01 $82080>Marburg/Lahn, Herder-Institut, Forschungsbibliothek, Bibliographieportal $9336309341
| LEADER | 00000caa a22000002c 4500 | ||
|---|---|---|---|
| 001 | 392558297 | ||
| 003 | DE-603 | ||
| 005 | 20210427205001.0 | ||
| 007 | tu | ||
| 008 | 161111s2009 xx |||| | u00||u|eng c | ||
| 035 | |a (DE-599)HEB392558297 | ||
| 040 | |a DE-603 |b ger |c DE-603 |d DE-603 | ||
| 041 | |a eng | ||
| 082 | 0 | 4 | |8 1\u |a 304.609438 |q DE-101 |2 23/BSB |
| 085 | |8 1\u |b 304.609 | ||
| 085 | |8 1\u |z 2 |s 438 | ||
| 085 | |8 1\u |z 2 |s 4385 | ||
| 100 | 1 | |a Elrick, Tim | |
| 245 | 0 | 0 | |a Changing Patterns of Polish Labour Migration after the UK's Opening of the Labour Market? Insights from Rural Case-studies in the Opolskie and Świętokrzyskie Voivodships |
| 264 | 0 | |c 2009 | |
| 700 | 1 | |a Brinkmeier, Emilia | |
| 773 | 0 | 8 | |i In |t Polish migration to the UK in the 'new' European Union |d Farnham [u.a.] : Ashgate, c 2009 |h XVIII, 241 S., Ill., graph. Darst. |z 9780754673873 |g (2009), Seite 49-66, Abb., Tab. |w (DE-603)212964321 |
| 924 | 0 | |9 2080 |a (DE-603)788656325 |b DE-2080 |c HES |d d |g / | |


